| 000 | 00649nam a22002530a 4500 | ||
|---|---|---|---|
| 001 | UByD000499 | ||
| 003 | AR-LpoUNG | ||
| 005 | 20220521204038.0 | ||
| 008 | 220519s196?||||ag |||||||||||||||||spa d | ||
| 040 |
_aAR-LpoUNG _bspa _cAR-LpoUNG _eaacr |
||
| 041 | _aspa | ||
| 082 | 0 | _aA861 86oda | |
| 100 | 1 | _aJoubin Colombres, Eduardo | |
| 245 | 1 | 0 | _aOda heroica a la fundación de Tucumán |
| 260 |
_aBuenos Aires : _bCometa- Mella y Blanch, _c[1965?]. |
||
| 300 | _a[44] p. | ||
| 650 | 4 | _aLITERATURA | |
| 650 | 4 | _aPOESIA | |
| 650 | 4 | _aHISTORIA | |
| 650 | 4 | _aHISTORIA NACIONAL | |
| 653 | 0 | _aTUCUMAN | |
| 905 | _a32127 | ||
| 942 |
_cLIB _2ddc |
||
| 999 |
_c63184 _d63184 |
||